LEADER 01521nam a2200289 i 4500 001 000000153795 003 CaOOAMICUS 005 20090320000000.0 008 090320s2008 it u000 u ita u 013 $a131138 020 $a978-88-464-9712-3 040 $aSeMil$bita 245 10$aSulla filosofia italiana del novecento :$bprospettive, figure e problemi : atti del secondo e terzo ciclo dei Seminari salentini di filosofia: Problemi aperti del pensiero contemporaneo /$ca cura di Brigida Bonghi e Fabio Minazzi. 260 $aMilano :$bFranco Angeli,$c2008. 300 $a319 p. ;$c23 cm. 490 0 $aEpistemologia ;$v93 650 4$aFilosofia italiana - Sec. 20.$0(OLS)http://semarc/subject/2305 650 4$aFilosofia - Saggi.$0(OLS)http://semarc/subject/3236 700 1 $aMinazzi, Fabio,$d<1955- >.$0(OLS)http://semarc/name/15727 700 1 $aBonghi, Brigida <1981- >.$0(OLS)http://semarc/name/60190 830 0$aEpistemologia ;$v93.$0(OLS)http://semarc/title/15431 850 $aSeMil 852 $aSeMil$W1$xVenegono$y1$m2P VI 130$j105684$B105684$CSeMilBibl$Z2$F140668 $81 961 $aAcquisto: DEA 996 $6020$a978-88-464-9712-3$9(OLS)http://semarc/number/143650 996 $6245$aSulla filosofia italiana del novecento :$bprospettive, figure e problemi : atti del secondo e terzo ciclo dei Seminari salentini di filosofia: Problemi aperti del pensiero contemporaneo$9(OLS)http://semarc/title/225016 996 $6260$aMilano :$bFranco Angeli$9(OLS)http://semarc/publisher/30369 LEADER 01322nam a2200313 4500 001 000000345846 003 CaOOAMICUS 005 20221215114431.0 008 210507s2014 it 000 u ita r 020 $a978-88-10-21002-4 040 $aSeMil$bita 100 0 $aTertullianus, Quintus Septimius Florens,$d.$0(OLS)http://semarc/name/1146 240 10$aDe cultu feminarum.$0(OLS)http://semarc/title/211199 245 12$aL'eleganza delle donne /$cTertulliano ; a cura di Sandra Isetta. 264 1$aBologna :$bEDB,$c2014. 300 $a63 p. ;$c19 cm 490 1 $aI classici 650 4$aTertulliano, Quinto Settimio Fiorente . De cultu feminarum.$0(OLS)http://semarc/subject/50367 700 1 $aIsetta, Sandra.$0(OLS)http://semarc/name/57740 830 2$aI classici.$0(OLS)http://semarc/title/431072 850 $aSeMil 852 $aSeMil$W1$xVenegono$y1$m2T I 299$j226369$B236899$CSeMilBibl$Z2$F236899 $81 900 0 $aTertulliano,$d. 961 $aPerego don Stefano - Omaggio 996 $6020$a978-88-10-21002-4$9(OLS)http://semarc/number/293118 996 $6245$aL'eleganza delle donne$9(OLS)http://semarc/title/435013 996 $6264$aBologna :$bEDB$9(OLS)http://semarc/publisher/29669